000 00809cam a22002175a 4500
005 20091103014612.0
008 090911s2009 ii ab b 100 0 eng d
010 _aENG-95383
020 _a9788131305942
_c595.00
035 _aEN-78916
037 _aDBAD/PUB
040 _aDPL
_beng
082 _a301.153
245 _aEducational philosophy of Mahatma Gandhi/
_cedited by Y.K. Singh
260 _aNew Delhi :
_bAPH Publishing Corporation
_c2009
270 _a4435-36/7. Ansari road, Darya Ganj
_bNew Delhi
_e110002
300 _a xii, 186p.;
_c22 cm. (Hb)
700 _aSingh, Y.K.
942 _2ddc
_cEN
_mSIN
_h301.153
999 _c31551
_d31551